000
00203 a2200109 4500
020
_a
0439168198
041
_a
spa
100
_a
Gold, Becky
245
_a
Sunprise, Angelica!
942
_c
BK
952
_7
1
999
_c
22121
_d
22121